000 00509nam a2200193 i 4500
001 bgj
245 1 0 _aHebbel in neuer Sicht /
_chrsg. von Helmut Kreuzer.
260 _aStuttgart :
_bW. Kohlhammer Verlag,
_ccop. 1963.
300 _a337 s. ;
_c21 cm.
600 9 _aHEBBEL, Friedrich
_d(1813-1863)
650 9 _aLiteratura niemiecka
700 1 _aKREUZER, Helmut.
040 _cBPK
041 0 _ager
044 _aDEU
080 _a821.112.2
942 _cKS
008 s gw f |000 0 ger
999 _c50280
_d50280
856 _uhttp://koha.tu.koszalin.pl/cgi-bin/koha/opac-detail.pl?biblionumber=50280
_yKatalog online BPK